000 00669nam a2200181Ia 4500
008 151202s9999||||xx |||||||||||||| ||und||
082 _bPNVM-48233
100 _aगाताडे प्रभाकर.
245 _aचिट्टी चिट्टी बँग बँग.
260 _b"अनमोल प्रकाशन,पुणे."
260 _c1989
300 _a88
600 _aगाताडे प्रभाकर.
630 _aचिट्टी चिट्टी बँग बँग.
700 _aगाताडे प्रभाकर.
730 _aचिट्टी चिट्टी बँग बँग.
942 _cBOOK
999 _c1314179
_d1314176